000 00718cam a2200145 4500500
005 20260208005827.0
041 _afre
042 _adc
100 1 0 _aPernot, Denis
_eauthor
245 0 0 _aJEAN LORRAIN, Mes expositions universelles (1889-1900). Édition établie, annotée et présentée par PHILIPPE MARTIN-LAU. Paris, Honoré Champion, « Textes de littérature moderne et contemporaine », n° 57, 2002. Un vol. 14 × 22,5 de 435 p.
260 _c2005.
500 _a22
786 0 _nRevue d'histoire littéraire de la France | 105 | 3 | 2005-06-01 | p. 655zu-764zu | 0035-2411
856 4 1 _uhttps://shs.cairn.info/revue-d-histoire-litteraire-de-la-france-2005-3-page-655zu?lang=fr&redirect-ssocas=7080
999 _c1653981
_d1653981